| 000 | 00969nam a22002297a 4500 | ||
|---|---|---|---|
| 001 | EIF-IX-2016-M12-004 | ||
| 003 | OSt | ||
| 005 | 20221229070212.0 | ||
| 008 | 221229b |||||||| |||| 00| 0 eng d | ||
| 040 |
_aFundación Jesús Pereda _cFundación Jesús Pereda |
||
| 041 | _aCastellano | ||
| 100 |
_aMariblanca Corrales, Pedro José _9976 |
||
| 111 |
_aEncuentro de Investigadores del Franquismo _c(Granada _d2016. _n9º) _9101 |
||
| 245 |
_aEl papel de los márgenes periféricos en el devenir franquista. _bEl caso de la zona centro de la Mancha _c/Pedro José Mariblanca Corrales |
||
| 650 | 0 |
_9269 _aHistoria local |
|
| 650 | 0 |
_9145 _aRepresión |
|
| 650 | 0 |
_9110 _aOposición al franquismo |
|
| 651 | 0 |
_9977 _aToledo _zVillafranca de los Caballeros |
|
| 773 |
_tActas del IX Encuentro de Investigadores del Franquismo _g600-609 p. |
||
| 856 | _uhttps://bibliotecaccoocyl.fundacionjesuspereda.es/cgi-bin/koha/opac-retrieve-file.pl?id=efd8e7bf3a48f2199f6c9e73536bae7f | ||
| 942 |
_2ddc _cCF _n0 |
||
| 999 |
_c579 _d579 |
||